000 01121nam a2200337 a 4500
003 AR-BaBNM
005 20251128205347.0
008 082120s2002 ||||||||||||||000 | spa||
020 _a84-7774-108-5
040 _cAR-BaBNM
100 1 _aHuerta, Elena
245 0 0 _aTratamiento y prevención de las dificultades lectoras
_bactividades y juegos integrados de lectura [A.J.I.L.]. 1 : palabras y frases con sílabas directas e inversas
260 _aMadrid
_bVisor
_c1995
300 _a219 p.
_bdiagr., il.
490 0 _aAprendizaje
_vv. 108
500 _aContiene una grilla para ser utilizada en las actividades propuestas
650 4 _aDIFICULTAD EN LA LECTURA
650 4 _aMATERIAL DE LECTURA
650 4 _aACTIVIDADES DE APRENDIZAJE
650 4 _aENSEÑANZA DE LA LECTURA
650 4 _aJUEGOS EDUCATIVOS
650 4 _aLECTURA
653 _aENSENANZA DE LA LENGUA
653 _aPROCESO DE ENSEÑANZA-APRENDIZAJE
653 _aCOMPRENSION LECTORA
700 1 _aMatamala, Antonio
800 1 _aAlvarez, Amelia
_edirector
800 1 _aDel Río, Pablo
_edirector
942 _cBK
998 _cSILVI
999 _c11089
_d11089